[Event "Hofheim Spring op-B 4th"]
[Site "Hofheim"]
[Date "2016.04.01"]
[Round "6"]
[White "Koller, Wolfgang"]
[Black "Masoudi, Kian"]
[Result "0-1"]
[WhiteElo "1637"]
[BlackElo "1606"]
[PlyCount "78"]
[EventDate "2016.03.30"]
[EventType "swiss"]
[EventRounds "9"]
[EventCountry "GER"]
[SourceTitle "EXT 2018"]
[Source "ChessBase"]
[SourceDate "2017.10.13"]
[SourceVersion "1"]
[SourceVersionDate "2017.10.13"]
[SourceQuality "1"]

1. e4 e5 2. Nc3 Nc6 3. Bc4 Nf6 4. a3 a6 5. d3 h6 6. f4 d6 7. Nf3 Bg4 8. h3 Bxf3 9. Qxf3 Nd4 10. Qf2 Be7 11. 0-0 0-0 12. Nd5 Nxd5 13. Bxd5 c6 14. Ba2 Qb6 15. Kh1 Qd8 16. c3 Ne6 17. f5 Ng5 18. h4 Nh7 19. g3 Nf6 20. Qf3 h5 21. Bg5 Ng4 22. Bxe7 Qxe7 23. Rad1 Qc7 24. Kg2 Qb6 25. Rf2 Ne3+ 26. Kg1 Nxd1 27. Qxd1 Qe3 28. Qxh5 Qh6 29. Qe2 Rfd8 30. Kg2 Kf8 31. Kh3 f6 32. Be6 Ke7 33. c4 g6 34. Qf3 Rh8 35. Kg2 g5 36. Kf1 gxh4 37. gxh4 Qc1+ 38. Kg2 Rxh4 39. Qg3 Qh1# 0-1

[Event "Hofheim Spring op-B 4th"]
[Site "Hofheim"]
[Date "2016.03.31"]
[Round "4"]
[White "Koller, Wolfgang"]
[Black "Fernandez Garcia, Alfonso Javier"]
[Result "1-0"]
[WhiteElo "1637"]
[BlackElo "1614"]
[PlyCount "102"]
[EventDate "2016.03.30"]
[EventType "swiss"]
[EventRounds "9"]
[EventCountry "GER"]
[SourceTitle "EXT 2018"]
[Source "ChessBase"]
[SourceDate "2017.10.13"]
[SourceVersion "1"]
[SourceVersionDate "2017.10.13"]
[SourceQuality "1"]

1. e4 e6 2. c4 Nc6 3. Nf3 b6 4. a3 a5 5. Nc3 Bb7 6. d3 g6 7. Be2 Bg7 8. 0-0 Nge7 9. Be3 0-0 10. Qd2 f5 11. Bh6 fxe4 12. dxe4 d6 13. Bxg7 Kxg7 14. Rad1 Ng8 15. Ng5 Qe7 16. Bg4 Bc8 17. Nb5 Nf6 18. Nxc7 Qxc7 19. Nxe6+ Bxe6 20. Bxe6 Nxe4 21. Qd5 Nf6 22. Qxd6 Qxd6 23. Rxd6 Nd8 24. Rxb6 Nxe6 25. Rxe6 Rfe8 26. Rb6 Rab8 27. Rxb8 Rxb8 28. Rb1 Ne4 29. b4 axb4 30. Rxb4 Rc8 31. f3 Nd6 32. a4 Rxc4 33. Rxc4 Nxc4 34. g4 Kf6 35. Kf2 Ke5 36. Ke2 Kd4 37. h3 Kc3 38. f4 Nd6 39. a5 Nb5 40. Ke3 Kb4 41. a6 Ka5 42. a7 Nxa7 43. f5 gxf5 44. gxf5 Nb5 45. Kf4 Nd6 46. Ke5 Ne8 47. f6 Nxf6 48. Kxf6 h5 49. h4 Kb6 50. Kg6 Kc6 51. Kxh5 Kd6 1-0

[Event "Hofheim Spring op-B 4th"]
[Site "Hofheim"]
[Date "2016.03.30"]
[Round "1"]
[White "Haftmann, Rainer"]
[Black "Koller, Wolfgang"]
[Result "1-0"]
[WhiteElo "1863"]
[BlackElo "1637"]
[PlyCount "99"]
[EventDate "2016.03.30"]
[EventType "swiss"]
[EventRounds "9"]
[EventCountry "GER"]
[SourceTitle "EXT 2018"]
[Source "ChessBase"]
[SourceDate "2017.10.13"]
[SourceVersion "1"]
[SourceVersionDate "2017.10.13"]
[SourceQuality "1"]

1. e4 b6 2. d4 e6 3. Nf3 Bb7 4. Bd3 Nf6 5. Qe2 d5 6. e5 Nfd7 7. 0-0 c5 8. c3 Be7 9. Be3 Nc6 10. Nbd2 0-0 11. Rac1 cxd4 12. Bxd4 Re8 13. Rfe1 Nf8 14. Nf1 Ng6 15. g3 Rc8 16. a3 Qc7 17. h4 Na5 18. h5 Nf8 19. N1d2 Nc4 20. Nxc4 dxc4 21. Be4 Bxe4 22. Qxe4 Qc6 23. Qg4 Nd7 24. Nd2 Bf8 25. Ne4 Re7 26. Nf6+ Kh8 27. Nxd7 Rxd7 28. Qe4 Qxe4 29. Rxe4 b5 30. f4 g6 31. hxg6 hxg6 32. Kf2 Kg7 33. Kf3 Be7 34. Rh1 Rh8 35. Rxh8 Kxh8 36. g4 a6 37. Re2 Kg7 38. f5 Bg5 39. f6+ Kg8 40. Ke4 Rd5 41. Rh2 Rd7 42. Rh1 Rd5 43. Ra1 Bd2 44. a4 b4 45. cxb4 Bxb4 46. Rc1 Bd2 47. Rxc4 g5 48. Rc8+ Kh7 49. Rc6 a5 50. Rd6 1-0

[Event "Frankfurt-chB"]
[Site "Frankfurt"]
[Date "2015.06.15"]
[Round "7"]
[White "Mook, Karl Juergen"]
[Black "Koller, Wolfgang"]
[Result "0-1"]
[WhiteElo "1297"]
[BlackElo "1422"]
[PlyCount "64"]
[EventDate "2015.04.27"]
[EventType "swiss"]
[EventRounds "7"]
[EventCountry "GER"]
[SourceTitle "EXT 2016"]
[Source "ChessBase"]
[SourceDate "2015.10.08"]
[SourceVersion "1"]
[SourceVersionDate "2015.10.08"]
[SourceQuality "1"]

1. Nf3 d5 2. d4 Nf6 3. c4 c6 4. e3 Bg4 5. Nbd2 e6 6. Bd3 dxc4 7. Bxc4 Bd6 8. 0-0 0-0 9. Qc2 Nbd7 10. Bd3 h6 11. b3 Rc8 12. Bb2 c5 13. Qb1 a6 14. Ne5 Bh5 15. Ndc4 Bb8 16. Nxd7 Nxd7 17. Nd2 Qc7 18. f4 Ba7 19. Nf3 Bxf3 20. Rxf3 cxd4 21. exd4 Nf6 22. Kh1 Nd5 23. Qf1 Bb8 24. Rc1 Qd6 25. Bc4 Nxf4 26. g3 Nd5 27. Bxd5 Rxc1 28. Qxc1 Qxd5 29. Qf1 Ba7 30. Qf2 e5 31. Kg1 Bxd4 32. Rd3 Bxf2+ 0-1

[Event "Hofheim Spring op-B 3rd"]
[Site "Hofheim"]
[Date "2015.04.10"]
[Round "7"]
[White "Koller, Wolfgang"]
[Black "Ruehl, Alexander"]
[Result "0-1"]
[WhiteElo "1629"]
[BlackElo "1305"]
[PlyCount "126"]
[EventDate "2015.04.07"]
[EventType "swiss"]
[EventRounds "9"]
[EventCountry "GER"]
[SourceTitle "CBM 166 Extra"]
[Source "ChessBase"]
[SourceDate "2015.06.18"]
[SourceVersion "1"]
[SourceVersionDate "2015.06.18"]
[SourceQuality "1"]

1. e4 e5 2. Nc3 Nc6 3. Bc4 Bc5 4. Qg4 g6 5. Qf3 Qf6 6. Nd5 Qxf3 7. Nxf3 Bd6 8. c3 Nce7 9. Ne3 Nf6 10. d3 0-0 11. Bd2 a6 12. h4 h6 13. g4 Nh7 14. Nd5 Nxd5 15. Bxd5 Kg7 16. 0-0-0 c6 17. Bb3 b5 18. d4 Re8 19. dxe5 Bxe5 20. Nxe5 Rxe5 21. f3 a5 22. Bf4 Re8 23. Bd6 a4 24. Bc2 Nf8 25. f4 Nh7 26. g5 Rd8 27. h5 hxg5 28. hxg6 fxg6 29. Be5+ Kg8 30. fxg5 Re8 31. Bf4 Nf8 32. Rh6 Bb7 33. Rd6 Re6 34. e5 Rxd6 35. exd6 Kf7 36. Kd2 Re8 37. Rh1 Ba8 38. Rf1 Kg7 39. Be3 Re6 40. Bd4+ Kg8 41. Rf6 Rxf6 42. Bxf6 Kf7 43. Ke3 Ne6 44. Bd1 c5 45. Be2 Bc6 46. b3 a3 47. Bd3 Nf8 48. Be7 Ne6 49. Bf6 Nf8 50. Bd8 Ne6 51. Be7 Ng7 52. Kf4 Ne6+ 53. Kg4 Ng7 54. Bd8 Ne6 55. Bb6 Kg7 56. Be2 Kf7 57. Bf3 Bxf3+ 58. Kxf3 Nxg5+ 59. Kg4 Ne6 60. Ba7 Kf6 61. Bb6 Ke5 62. Bc7 Ke4 63. Bb6 Kd3 0-1

[Event "Hofheim Spring op-B 3rd"]
[Site "Hofheim"]
[Date "2015.04.08"]
[Round "2"]
[White "Koller, Wolfgang"]
[Black "Traut, Stefan"]
[Result "0-1"]
[WhiteElo "1629"]
[BlackElo "1747"]
[PlyCount "35"]
[EventDate "2015.04.07"]
[EventType "swiss"]
[EventRounds "9"]
[EventCountry "GER"]
[SourceTitle "CBM 166 Extra"]
[Source "ChessBase"]
[SourceDate "2015.06.18"]
[SourceVersion "1"]
[SourceVersionDate "2015.06.18"]
[SourceQuality "1"]

1. e4 c5 2. Nf3 d6 3. d4 cxd4 4. Nxd4 Nf6 5. Nc3 g6 6. f3 Bg7 7. Be3 0-0 8. Qd2 Nc6 9. g4 Nxd4 10. Bxd4 Be6 11. h4 Qa5 12. g5 Nh5 13. Bxg7 Kxg7 14. Nd5 Qxd2+ 15. Kxd2 Bxd5 16. exd5 Ng3 17. Rh3 Nxf1+ 18. Rxf1 0-1

[Event "Hessen-ch op-B"]
[Site "Frankfurt Sossenheim"]
[Date "2015.??.??"]
[Round "6"]
[White "Koller, Wolfgang"]
[Black "Niedenthal, Robert"]
[Result "0-1"]
[WhiteElo "1639"]
[BlackElo "1781"]
[PlyCount "114"]
[EventDate "2015.05.13"]
[EventType "swiss"]
[EventRounds "7"]
[EventCountry "GER"]
[SourceTitle "EXT 2016"]
[Source "ChessBase"]
[SourceDate "2015.10.08"]
[SourceVersion "1"]
[SourceVersionDate "2015.10.08"]
[SourceQuality "1"]

1. e4 d5 2. exd5 Nf6 3. Bb5+ Bd7 4. Bc4 Bg4 5. f3 Bc8 6. Nc3 Nbd7 7. Nge2 Nb6 8. Bb5+ Bd7 9. Bxd7+ Qxd7 10. 0-0 Nbxd5 11. d3 e6 12. Ne4 Be7 13. N2c3 0-0 14. Qe2 h6 15. a3 a5 16. Be3 Nxe3 17. Qxe3 b6 18. Kh1 Rab8 19. Rab1 c5 20. Rfd1 Qc6 21. Qe2 Rfe8 22. b3 Nd5 23. a4 f5 24. Nxd5 exd5 25. Nf2 Bg5 26. Qf1 Be3 27. Nh3 d4 28. Ng1 Re6 29. Ne2 f4 30. Ng1 Rf8 31. Nh3 g5 32. Re1 Rg6 33. Nf2 h5 34. Ne4 g4 35. Re2 Kh7 36. Rd1 Rfg8 37. Rde1 h4 38. fxg4 Rxg4 39. Qf3 Qh6 40. h3 R4g7 41. Rf1 Rg6 42. Rd1 Kh8 43. Rf1 Kg7 44. Rd1 Kf7 45. Rf1 Ke6 46. Nd2 Qf8 47. Qc6+ Qd6 48. Qxd6+ Kxd6 49. Nc4+ Kd5 50. Nxe3+ fxe3 51. Rf4 Rh8 52. Kg1 Rhh6 53. Rf3 Rf6 54. Rxf6 Rxf6 55. g4 hxg3 56. Kg2 Rf2+ 57. Rxf2 gxf2 0-1

[Event "Karl Mala Memorial op-B 17th"]
[Site "Frankfurt"]
[Date "2014.08.02"]
[Round "4"]
[White "Pyshny, Anton"]
[Black "Koller, Wolfgang"]
[Result "0-1"]
[WhiteElo "1155"]
[BlackElo "1649"]
[PlyCount "58"]
[EventDate "2014.07.31"]
[EventType "swiss"]
[EventRounds "7"]
[EventCountry "GER"]
[SourceTitle "EXT 2015"]
[Source "ChessBase"]
[SourceDate "2014.11.20"]
[SourceVersion "1"]
[SourceVersionDate "2014.11.20"]
[SourceQuality "1"]

1. e4 d5 2. exd5 Qxd5 3. Nc3 Qa5 4. d4 Nf6 5. Bd2 Bf5 6. g3 c6 7. Bg2 Qc7 8. Bf4 Qd8 9. Qd2 e6 10. 0-0-0 Nbd7 11. Nf3 Bb4 12. Ne5 Ne4 13. Bxe4 Bxe4 14. Rhe1 Bd5 15. Qd3 0-0 16. a3 Ba5 17. b4 Bc7 18. Nxd5 cxd5 19. Qe3 Nb6 20. Qb3 a5 21. Nd3 axb4 22. axb4 Nc4 23. Qb1 Ra3 24. Bxc7 Qxc7 25. Nb2 Rfa8 26. Nxc4 Ra1 27. Ne3 Rxb1+ 28. Kxb1 Qc3 29. Kc1 Ra1# 0-1

[Event "Hofheim Spring op-B 2nd"]
[Site "Hofheim"]
[Date "2014.04.26"]
[Round "8"]
[White "Koller, Wolfgang"]
[Black "Hildebrand, Georg"]
[Result "1-0"]
[WhiteElo "1682"]
[BlackElo "1696"]
[PlyCount "79"]
[EventDate "2014.04.22"]
[EventType "swiss"]
[EventRounds "9"]
[EventCountry "GER"]
[SourceTitle "CBM 160 Extra"]
[Source "ChessBase"]
[SourceDate "2014.07.01"]
[SourceVersion "1"]
[SourceVersionDate "2014.07.01"]
[SourceQuality "1"]

1. e4 g6 2. d4 Bg7 3. f4 b6 4. Nf3 Bb7 5. Bd3 Nf6 6. e5 Nd5 7. c3 e6 8. 0-0 Ne7 9. Na3 a6 10. Nc2 a5 11. Qe2 Qc8 12. Bd2 Nd5 13. a3 c5 14. c4 Ne7 15. b4 axb4 16. axb4 Rxa1 17. Rxa1 cxd4 18. Ncxd4 Nf5 19. Nxf5 gxf5 20. Nd4 0-0 21. Nb5 Kh8 22. Nd6 Qc7 23. Ra7 Qc6 24. Rxb7 Qa4 25. b5 Qa1+ 26. Kf2 f6 27. Nf7+ Kg8 28. exf6 Qxf6 29. Ne5 Qh4+ 30. Kg1 Bxe5 31. Qxe5 Qg4 32. Bb4 Qd1+ 33. Bf1 Kf7 34. Bxf8 Kxf8 35. Rxb8+ Kf7 36. Rxb6 h5 37. Rd6 Qxf1+ 38. Kxf1 Ke7 39. c5 h4 40. Qg7+ 1-0

[Event "Hofheim Spring op-B 2nd"]
[Site "Hofheim"]
[Date "2014.04.24"]
[Round "4"]
[White "Koller, Wolfgang"]
[Black "Roessler, Jens Hagen"]
[Result "0-1"]
[WhiteElo "1682"]
[BlackElo "1678"]
[PlyCount "100"]
[EventDate "2014.04.22"]
[EventType "swiss"]
[EventRounds "9"]
[EventCountry "GER"]
[SourceTitle "CBM 160 Extra"]
[Source "ChessBase"]
[SourceDate "2014.07.01"]
[SourceVersion "1"]
[SourceVersionDate "2014.07.01"]
[SourceQuality "1"]

1. e4 e6 2. c4 c5 3. Nc3 Nc6 4. Nf3 d6 5. Be2 Nf6 6. 0-0 Be7 7. d4 cxd4 8. Nxd4 0-0 9. Kh1 d5 10. Nxc6 bxc6 11. e5 Nd7 12. f4 f6 13. cxd5 cxd5 14. Nxd5 fxe5 15. Nxe7+ Qxe7 16. f5 Bb7 17. fxe6 Rxf1+ 18. Bxf1 Qxe6 19. Be3 Nf6 20. Rc1 Bd5 21. b3 Ng4 22. Bc5 Nf6 23. Bc4 Bxc4 24. Rxc4 a6 25. h3 Rc8 26. Qe2 Nd7 27. Qe3 Nxc5 28. Rxc5 Rxc5 29. Qxc5 e4 30. Kg1 Qf6 31. Qc4+ Kf8 32. Qc5+ Kf7 33. Qf2 Ke6 34. Qxf6+ gxf6 35. Kf2 Ke5 36. Ke3 h5 37. h4 f5 38. g3 a5 39. a3 Kd5 40. b4 axb4 41. axb4 Kc4 42. g4 fxg4 43. Kxe4 Kxb4 44. Kd4 Kb5 45. Ke3 Kc5 46. Ke4 Kd6 47. Kf4 Kd5 48. Kg3 Ke4 49. Kg2 Kf4 50. Kh2 Kf3 0-1

[Event "Eschborn op 10th"]
[Site "Eschborn"]
[Date "2013.09.01"]
[Round "5"]
[White "Koller, Wolfgang"]
[Black "Gelfenbaum, Daniel"]
[Result "0-1"]
[WhiteElo "1456"]
[BlackElo "1465"]
[PlyCount "116"]
[EventDate "2013.08.30"]
[EventType "swiss"]
[EventRounds "5"]
[EventCountry "GER"]
[SourceTitle "EXT 2014"]
[Source "ChessBase"]
[SourceDate "2013.11.20"]
[SourceVersion "1"]
[SourceVersionDate "2013.11.20"]
[SourceQuality "1"]

1. e4 c6 2. c4 e6 3. Nc3 d5 4. cxd5 exd5 5. exd5 cxd5 6. Bb5+ Nc6 7. d4 Be7 8. Nge2 Nf6 9. 0-0 0-0 10. Bf4 Bf5 11. a3 Rc8 12. Ng3 Bg6 13. Rc1 a6 14. Ba4 Qb6 15. Bxc6 Rxc6 16. Qd2 Rc4 17. Nce2 Rfc8 18. Rxc4 Rxc4 19. Qe3 Qe6 20. Qxe6 fxe6 21. Rc1 b5 22. Bc7 b4 23. Rxc4 dxc4 24. axb4 Bxb4 25. Nf4 Bf7 26. Nge2 a5 27. Nc3 Bxc3 28. bxc3 a4 29. Bd6 Ne4 30. Bb4 g5 31. Ne2 Nd2 32. f4 gxf4 33. Nxf4 Nb1 34. Ne2 a3 35. Nc1 Bg6 36. Kf2 Bc2 37. Ke3 Bb3 38. Ke4 a2 39. Nxa2 Bxa2 40. Ke5 Kf7 41. g4 Nd2 42. Kd6 Nf3 43. h3 Ng5 44. h4 Nf3 45. h5 h6 46. d5 exd5 47. Kxd5 Nh2 48. g5 hxg5 49. Bd6 Nf3 50. Ke4 Nd2+ 51. Kf5 Bb1+ 52. Kg4 Ne4 53. Be5 Kg8 54. h6 Kh7 55. Bg7 Kg6 56. Kf3 Nf6 57. Kg3 Ng8 58. Bf8 Nxh6 0-1

[Event "Karl Mala Memorial op-B 16th"]
[Site "Frankfurt"]
[Date "2013.07.12"]
[Round "3"]
[White "Koller, Wolfgang"]
[Black "Saluvar, Buelent"]
[Result "1-0"]
[WhiteElo "1643"]
[BlackElo "1535"]
[PlyCount "75"]
[EventDate "2013.07.11"]
[EventType "swiss"]
[EventRounds "7"]
[EventCountry "GER"]
[SourceTitle "CBM 155 Extra"]
[Source "ChessBase"]
[SourceDate "2013.08.26"]
[SourceVersion "1"]
[SourceVersionDate "2013.08.26"]
[SourceQuality "1"]

1. e4 e6 2. d4 d5 3. e5 c5 4. c3 Qb6 5. Nf3 Bd7 6. Bd3 Bb5 7. 0-0 Bxd3 8. Qxd3 Nc6 9. a3 c4 10. Qc2 Nge7 11. g4 h5 12. h3 hxg4 13. hxg4 Ng6 14. Bg5 Be7 15. Nbd2 Qd8 16. Be3 Kd7 17. b3 Rh3 18. Kg2 Qh8 19. bxc4 Qh7 20. Qb1 Rh8 21. Rh1 Nh4+ 22. Nxh4 Qxh4 23. Qxb7+ Kd8 24. Qa8+ Kc7 25. Qxh8 Qxg4+ 26. Kf1 Rxh8 27. Rxh8 f5 28. exf6 gxf6 29. cxd5 exd5 30. Re1 Bxa3 31. Rh7+ Kc8 32. c4 Bb4 33. cxd5 Qg8 34. Rh6 Bxd2 35. Bxd2 Qxd5 36. Rc1 Kd7 37. Be3 Ke6 38. Rc5 1-0

[Event "Eschborn op 09th"]
[Site "Eschborn"]
[Date "2012.06.03"]
[Round "5"]
[White "Droeser, Wolfgang"]
[Black "Koller, Wolfgang"]
[Result "0-1"]
[WhiteElo "1253"]
[BlackElo "1530"]
[PlyCount "68"]
[EventDate "2012.06.01"]
[EventType "swiss"]
[EventRounds "5"]
[EventCountry "GER"]
[SourceTitle "EXT 2014"]
[Source "ChessBase"]
[SourceDate "2013.11.20"]
[SourceVersion "1"]
[SourceVersionDate "2013.11.20"]
[SourceQuality "1"]

1. b3 Nf6 2. Bb2 d5 3. e3 Bf5 4. f4 c5 5. Nf3 Nc6 6. Bb5 a6 7. Bxc6+ bxc6 8. 0-0 e6 9. d3 Be7 10. Nbd2 0-0 11. Qe1 c4 12. bxc4 Qb6 13. Bd4 c5 14. Bc3 Rfe8 15. Rb1 Qa7 16. Bd4 Nd7 17. Bc3 Nb6 18. Rb3 dxc4 19. Nxc4 Nxc4 20. Qg3 Bf8 21. e4 Ne3 22. Re1 Nxc2 23. Reb1 c4+ 24. Rb6 cxd3 25. exf5 exf5 26. Kh1 Rab8 27. Rxb8 Rxb8 28. Rxb8 Qxb8 29. Nd2 Qb5 30. h4 Qd5 31. h5 h6 32. a4 Na3 33. Kh2 Nc4 34. Nf1 d2 0-1

[Event "Hessen-chB"]
[Site "Offenbach"]
[Date "2012.04.07"]
[Round "7"]
[White "Koller, Wolfgang"]
[Black "Kaiser, Bernd"]
[Result "1-0"]
[WhiteElo "1531"]
[BlackElo "1558"]
[PlyCount "97"]
[EventDate "2012.04.05"]
[EventType "swiss"]
[EventRounds "7"]
[EventCountry "GER"]
[SourceTitle "EXT 2013"]
[Source "ChessBase"]
[SourceDate "2012.11.22"]
[SourceVersion "1"]
[SourceVersionDate "2012.11.22"]
[SourceQuality "1"]

1. e4 c5 2. Nf3 Nc6 3. d4 cxd4 4. Nxd4 d6 5. Be3 g6 6. Nc3 Bg7 7. Qd2 Bd7 8. 0-0-0 Nf6 9. f3 0-0 10. g4 Ne5 11. h4 h5 12. gxh5 Nxh5 13. Bh6 Rc8 14. Bxg7 Kxg7 15. f4 Ng4 16. f5 Ngf6 17. Rg1 Kh7 18. Bh3 Rg8 19. fxg6+ Rxg6 20. Bf5 Bxf5 21. Nxf5 Qf8 22. Rg5 Rxc3 23. Rxh5+ Nxh5 24. Qxc3 Qd8 25. Qb3 Re6 26. Qxb7 Qb6 27. Qxb6 axb6 28. Rd4 Nf6 29. Ng3 Kg6 30. Kd2 Re5 31. Kd3 Nd7 32. b4 b5 33. Nf5 Nf6 34. Ng3 Nd7 35. c4 Nb8 36. cxb5 Rxb5 37. a4 Rb7 38. Kc3 Nc6 39. Rc4 Ne5 40. Rc8 e6 41. a5 f5 42. exf5+ exf5 43. a6 Ra7 44. b5 f4 45. h5+ Kg5 46. Ne4+ Kxh5 47. Nxd6 Kg4 48. Rg8+ Kf3 49. Kd4 1-0

[Event "Hessen-chB"]
[Site "Offenbach"]
[Date "2012.04.06"]
[Round "5"]
[White "Koller, Wolfgang"]
[Black "Reuter, Klaus"]
[Result "1-0"]
[WhiteElo "1531"]
[BlackElo "1661"]
[PlyCount "65"]
[EventDate "2012.04.05"]
[EventType "swiss"]
[EventRounds "7"]
[EventCountry "GER"]
[SourceTitle "EXT 2013"]
[Source "ChessBase"]
[SourceDate "2012.11.22"]
[SourceVersion "1"]
[SourceVersionDate "2012.11.22"]
[SourceQuality "1"]

1. e4 e5 2. Nc3 c6 3. Bc4 Nf6 4. d3 b5 5. Bb3 a5 6. a4 b4 7. Nce2 Qb6 8. Be3 Bc5 9. Bxc5 Qxc5 10. Ng3 d5 11. N1e2 Qa7 12. 0-0 Bg4 13. h3 Be6 14. Kh1 Qd7 15. f4 exf4 16. Nxf4 0-0 17. e5 Ne8 18. d4 Qe7 19. c3 Qg5 20. Nxe6 fxe6 21. Rxf8+ Kxf8 22. Qf3+ Ke7 23. Rf1 Kd8 24. Bc2 Ra7 25. Ne2 h6 26. Qd3 Rc7 27. Nf4 Qe7 28. Qg6 Kd7 29. Nxe6 Kc8 30. Nxc7 Nxc7 31. Rf7 Qh4 32. Qxg7 Nba6 33. Bd3 1-0